Zumba gold : (Record no. 886)
[ view plain ]
| 000 -LEADER | |
|---|---|
| fixed length control field | 01052nam a2200193 a 4500 |
| 005 - DATE AND TIME OF LATEST TRANSACTION | |
| control field | 20260322212038.0 |
| 008 - FIXED-LENGTH DATA ELEMENTS--GENERAL INFORMATION | |
| fixed length control field | data |
| 099 ## - LOCAL FREE-TEXT CALL NUMBER (OCLC) | |
| Classification number | DVD PH 28 |
| 001 - CONTROL NUMBER | |
| control field | data |
| 100 1# - MAIN ENTRY--PERSONAL NAME | |
| Personal name | Přez, Beto |
| 245 10 - TITLE STATEMENT | |
| Title | Zumba gold : |
| Remainder of title | live it up. |
| Statement of responsibility, etc. | Beto Přez & Joy Prouty. |
| 260 ## - PUBLICATION, DISTRIBUTION, ETC. | |
| Place of publication, distribution, etc. | Hallandale, Fla. : |
| Name of publisher, distributor, etc. | Zumba fitness, |
| Date of publication, distribution, etc. | 2012. |
| 300 ## - PHYSICAL DESCRIPTION | |
| Extent | DVD video 3 videodiscs (133 min.); |
| Other physical details | 4 3/4". |
| 500 ## - GENERAL NOTE | |
| General note | Title from container./ Participants: Instructors: Joy Prouty, Beto Perez |
| 520 ## - SUMMARY, ETC. | |
| Summary, etc. | Zumba Gold targets the largest growing segment of the population: baby boomers. It takes the Zumba formula and modifies the moves and pacing to suit the needs of the active older participant, as well as those just starting their journey to a fit and healthy lifestyle. What stays the same are all the elements the Zumba Fitness-Party is known for: the zesty Latin music, like salsa, merengue, cumbia and reggaeton; the exhilarating, easy-to-follow moves; and the invigorating, party-like atmosphere. |
| 650 #0 - SUBJECT ADDED ENTRY--TOPICAL TERM | |
| Topical term or geographic name entry element | Aerobic dancing |
| 650 #0 - SUBJECT ADDED ENTRY--TOPICAL TERM | |
| Topical term or geographic name entry element | Exercise therapy |
| 700 1# - ADDED ENTRY--PERSONAL NAME | |
| Personal name | Prouty, Joy |
| Withdrawn status | Lost status | Damaged status | Not for loan | Home library | Current library | Shelving location | Date acquired | Total checkouts | Full call number | Barcode | Date last seen | Price effective from | Koha item type |
|---|---|---|---|---|---|---|---|---|---|---|---|---|---|
| Pleasant Valley | Pleasant Valley | General stacks | 22/03/2026 | GEN | BC0010913 | 22/03/2026 | 22/03/2026 | Books |